[Event "AUTO-OPEN-1568"]
[Site "http://www.queenalice.com/game.php?id=593776"]
[Date "2009.5.26"]
[Round "1"]
[White "erikmartinelli"]
[Black "jorden"]
[Result "1-0"]
[WhiteElo "1451"]
[BlackElo "1094"]

1. e4 c5 2. c3 e5 3. c4 Nc6 4. Nf3 Be7 5. g3 Nf6 6. d3 O-O 7. Bg5 h6 8. Bxf6
Bxf6 9. Bh3 d6 10. Bxc8 Qxc8 11. Nc3 a6 12. Nd5 b5 13. cxb5 axb5 14. Nb6 Qh3 15.
Nxa8 Rxa8 16. a4 Nd4 17. Nxd4 cxd4 18. axb5 Qg2 19. Rxa8+ Kh7 20. Rf1 Qxh2 21.
b6 1-0

[Event "AUTO-OPEN-1568"]
[Site "http://www.queenalice.com/game.php?id=593777"]
[Date "2009.5.26"]
[Round "1"]
[White "jorden"]
[Black "erikmartinelli"]
[Result "1-0"]
[WhiteElo "1086"]
[BlackElo "1444"]

1. e4 e5 2. Nf3 Nc6 3. Bb5 Nb4 4. c3 Nc6 5. O-O Nf6 6. Re1 g6 7. Bxc6 dxc6 8. h3
Bc5 9. b4 Be7 10. d4 exd4 11. Nxd4 O-O 12. Bh6 Re8 13. f4 c5 14. Nf3 Qxd1 15.
Rxd1 Nxe4 16. Ng5 Bxg5 17. Bxg5 Nxg5 18. fxg5 cxb4 19. cxb4 Bf5 20. Nc3 Re5 21.
g4 Bc2 22. Rd7 Rxg5 23. Nd5 h5 24. Nxc7 Rc8 25. Re1 hxg4 26. Ree7 gxh3+ 27. Kh2
Bf5 28. Rxf7 Rg2+ 29. Kh1 Be4 30. Rg7+ Kh8 31. Rh7+ Kg8 32. Rdg7+ Kf8 33. Ne6+
Ke8 34. Rh8# 1-0

[Event "AUTO-OPEN-1568"]
[Site "http://www.queenalice.com/game.php?id=593800"]
[Date "2009.5.26"]
[Round "1"]
[White "jorden"]
[Black "jeudes2"]
[Result "0-1"]
[WhiteElo "1094"]
[BlackElo "1899"]

1. e4 d5 2. exd5 Qxd5 3. d4 Nc6 4. Be3 Nf6 5. c4 Qd8 6. Nc3 e6 7. Nf3 Be7 8. Be2
O-O 9. O-O b6 10. h3 Bb7 11. b3 Nb4 12. a3 Na6 13. b4 c5 14. dxc5 bxc5 15. b5
Nc7 16. Ne5 Qxd1 17. Rfxd1 Rfd8 18. a4 Ne4 19. Nxe4 Bxe4 20. f3 Bc2 21. Rxd8+
Rxd8 22. Nc6 Rd7 23. Nxa7 Bf6 24. Bxc5 Bxa1 25. a5 Rd2 26. b6 Na6 27. Kf1 Nxc5
28. Ke1 Bc3 0-1

[Event "AUTO-OPEN-1568"]
[Site "http://www.queenalice.com/game.php?id=593801"]
[Date "2009.5.26"]
[Round "1"]
[White "jeudes2"]
[Black "jorden"]
[Result "1-0"]
[WhiteElo "1907"]
[BlackElo "1092"]

1. d4 d5 2. c4 e6 3. Nc3 Nf6 4. Qb3 Be7 5. Nf3 b6 6. e3 O-O 7. Bd3 Bb7 8. O-O
dxc4 9. Qxc4 Ba6 10. Nb5 c6 11. Qc2 Bxb5 12. Rd1 Bxd3 13. Rxd3 Qc7 14. Bd2 Ne4
15. Be1 f5 16. Ne5 Nd7 17. Qxc6 Qxc6 18. Nxc6 Bd6 19. f3 Ng5 20. Bb4 Bxb4 21. a3
Bd6 22. b4 Nf6 23. f4 Nge4 24. Ne5 Ng4 25. Nxg4 Rac8 26. d5 fxg4 27. Rad1 Rc2
28. dxe6 Nf2 29. Rxd6 Nxd1 30. e7 Nxe3 31. h3 Rxg2+ 32. Kh1 Rxf4 33. Rd8+ 1-0

[Event "AUTO-OPEN-1575"]
[Site "http://www.queenalice.com/game.php?id=596781"]
[Date "2009.6.1"]
[Round "1"]
[White "kaspariver"]
[Black "jorden"]
[Result "1-0"]
[WhiteElo "1937"]
[BlackElo "1088"]

1. e4 c5 2. Nf3 d6 3. Nc3 g6 4. d4 cxd4 5. Nxd4 Bg7 6. Be3 a6 7. a4 Nc6 8. Be2
e6 9. Qd2 Nge7 10. h4 Nxd4 11. Bxd4 Bxd4 12. Qxd4 e5 13. Qd2 Nc6 14. h5 Be6 15.
Nd5 Rc8 16. Qh6 Bxd5 17. exd5 Qa5+ 18. Kf1 Ne7 19. Bd3 Qxd5 20. hxg6 fxg6 21.
Re1 Qf7 22. Rh3 Nf5 23. Bxf5 Qxf5 24. Rf3 Qxc2 25. Qg7 Qc4+ 26. Kg1 Qg8 27.
Rxe5+ 1-0

[Event "AUTO-OPEN-1575"]
[Site "http://www.queenalice.com/game.php?id=596782"]
[Date "2009.6.1"]
[Round "1"]
[White "jorden"]
[Black "kaspariver"]
[Result "0-1"]
[WhiteElo "1088"]
[BlackElo "1941"]

1. e4 c5 2. Nf3 d6 3. d4 cxd4 4. Nxd4 g6 5. Bb5+ Bd7 6. Bxd7+ Nxd7 7. O-O Bg7 8.
Be3 Ngf6 9. c4 Nxe4 10. f3 Nef6 11. b4 Nh5 12. Nc3 Ndf6 13. a4 Rc8 14. Ndb5 Rxc4
15. Qb3 d5 16. Rfd1 Qc8 17. Rac1 a6 18. Na3 Rc6 19. b5 Rc7 20. bxa6 bxa6 21.
Nxd5 Nxd5 22. Qxd5 O-O 23. Rxc7 Qxc7 24. Rc1 Qb8 25. Bd4 Rd8 26. Ba7 Qxa7+ 27.
Qc5 Bd4+ 0-1

[Event "QA-ANNIV-05"]
[Site "http://www.queenalice.com/game.php?id=604031"]
[Date "2009.6.15"]
[Round "1"]
[White "jorden"]
[Black "CampbellMarcel"]
[Result "0-1"]
[WhiteElo "1088"]
[BlackElo "1791"]

1. e4 d5 2. exd5 Nf6 3. c4 e6 4. dxe6 Bxe6 5. Nf3 Bc5 6. Be2 Ng4 7. O-O Bxf2+ 8.
Rxf2 Nxf2 9. Kxf2 Qf6 10. Nc3 O-O 11. Ne4 Qf4 12. d3 Qf5 13. Ng5 h6 14. Nxe6
fxe6 15. d4 Nc6 16. Bd3 Qf6 17. Be4 Rad8 18. d5 Ne5 19. b3 Ng4+ 20. Kg1 Qxa1 21.
Qc2 exd5 22. Bxd5+ Kh8 23. Bxb7 Ne3 0-1

[Event "AUTO-OPEN-1641"]
[Site "http://www.queenalice.com/game.php?id=628430"]
[Date "2009.8.1"]
[Round "1"]
[White "francksc"]
[Black "jorden"]
[Result "0-1"]
[WhiteElo "1625"]
[BlackElo "1285"]

1. e4 c5 2. c4 Nc6 3. d3 g6 4. Be2 Bg7 5. Nf3 e6 6. O-O Nge7 7. Bg5 O-O 8. Nc3
a6 9. h4 f6 10. Be3 Nb4 11. Bxc5 Nbc6 12. Bxe7 Qxe7 13. d4 d6 14. d5 exd5 15.
cxd5 Ne5 16. Nd4 Kh8 17. g3 Bh3 18. Re1 Qd7 19. Rc1 g5 20. Ne6 Bxe6 21. Qb3 Bh3
22. f3 gxh4 23. gxh4 Bh6 24. Rc2 Qg7+ 25. Kf2 Qg2# 0-1

[Event "AUTO-OPEN-1641"]
[Site "http://www.queenalice.com/game.php?id=628431"]
[Date "2009.8.1"]
[Round "1"]
[White "jorden"]
[Black "francksc"]
[Result "0-1"]
[WhiteElo "1384"]
[BlackElo "1596"]

1. e4 e5 2. Nf3 d6 3. h3 c6 4. c4 c5 5. Nc3 Nf6 6. Be2 Be7 7. O-O O-O 8. a3 Nc6
9. d3 b6 10. Bd2 a6 11. Nh2 b5 12. cxb5 axb5 13. Nxb5 Rb8 14. a4 Ba6 15. f4 exf4
16. Bxf4 d5 17. Bxb8 Qxb8 18. exd5 Nxd5 19. Ng4 f5 20. Qb3 Qd8 21. Nh2 f4 22.
Nf3 h6 23. Rac1 Kh8 24. Nh2 Bxb5 25. axb5 Nd4 26. Qd1 Nxb5 27. d4 Nxd4 28. Nf3
Ne3 29. Qd3 Nxf1 30. Kxf1 Qd5 31. Nxd4 cxd4 32. Bf3 Qd6 33. Rc6 Qe5 34. Qg6 Bh4
35. Re6 Qb5+ 36. Be2 Qxb2 37. Ra6 Qc1+ 0-1

[Event "AUTO-OPEN-1641"]
[Site "http://www.queenalice.com/game.php?id=628454"]
[Date "2009.8.1"]
[Round "1"]
[White "secretguy"]
[Black "jorden"]
[Result "1-0"]
[WhiteElo "2245"]
[BlackElo "1315"]

1. e4 c5 2. Nf3 d6 3. d4 Bg4 4. dxc5 Bxf3 5. gxf3 Qa5+ 6. Nc3 Qxc5 7. Qd5 Nc6 8.
Bb5 O-O-O 9. Bxc6 Qxc6 10. Qxf7 Nf6 11. Qe6+ Qd7 12. Qxd7+ Rxd7 13. Bg5 h6 14.
Bxf6 gxf6 15. f4 e5 16. Rg1 exf4 17. Nd5 h5 18. O-O-O Rg7 19. Nxf6 Rh6 20. Nd5
f3 21. Rg3 h4 22. Rxf3 Be7 23. Rc3+ Kb8 24. f4 h3 25. a4 Bd8 26. Ne3 Rhg6 27.
Nf5 Rg8 28. Nxd6 Rg2 29. Rc8# 1-0

[Event "AUTO-OPEN-1641"]
[Site "http://www.queenalice.com/game.php?id=628455"]
[Date "2009.8.1"]
[Round "1"]
[White "jorden"]
[Black "secretguy"]
[Result "0-1"]
[WhiteElo "1313"]
[BlackElo "2234"]

1. e4 e5 2. Nf3 Nc6 3. Bb5 Nd4 4. Bc4 c6 5. c3 Nxf3+ 6. Qxf3 Nf6 7. O-O d5 8.
exd5 e4 9. Re1 cxd5 10. Bb5+ Bd7 11. Bxd7+ Qxd7 12. b4 Bd6 13. d3 O-O 14. dxe4
dxe4 15. Qe2 h6 16. Nd2 Rfe8 17. Rd1 Rad8 18. a4 Be5 19. Bb2 Qd3 20. Qe3 Qc2 21.
Rab1 Ng4 22. Qe2 Bxh2+ 23. Kh1 h5 24. f3 exf3 25. Qxf3 Rxd2 26. Rf1 Re7 27. Rfc1
Qg6 28. Rd1 Rf2 29. Rd8+ Kh7 30. Qd5 Qxb1+ 0-1

[Event "AUTO-INT-1474"]
[Site "http://www.queenalice.com/game.php?id=664367"]
[Date "2009.10.8"]
[Round "1"]
[White "Prosperidade"]
[Black "jorden"]
[Result "1-0"]
[WhiteElo "1616"]
[BlackElo "1385"]

1. d4 d5 2. e3 g6 3. c4 Bg7 4. cxd5 Qxd5 5. Nc3 Qd7 6. Nf3 e6 7. Bd3 Ne7 8. O-O
O-O 9. Bc2 b6 10. Be4 f5 11. Bxa8 Ba6 12. Re1 Nbc6 13. Bxc6 Qxc6 14. Bd2 Nd5 15.
Rc1 Nb4 16. a3 Nd3 17. Ne2 Nxc1 18. Nxc1 Rd8 19. Ne2 Bb7 20. Nf4 Bxd4 21. Nxd4
1-0

[Event "AUTO-INT-1474"]
[Site "http://www.queenalice.com/game.php?id=664368"]
[Date "2009.10.8"]
[Round "1"]
[White "jorden"]
[Black "Prosperidade"]
[Result "0-1"]
[WhiteElo "1392"]
[BlackElo "1609"]

1. e4 e5 2. Nf3 d6 3. h3 Nf6 4. Nc3 Be7 5. Be2 O-O 6. O-O c5 7. d3 Nc6 8. a3 a6
9. Be3 Be6 10. Ng5 Bd7 11. f4 h6 12. fxe5 Nxe5 13. Nf3 Nxf3+ 14. Bxf3 Rb8 15.
Nd5 Nxd5 16. exd5 Bf6 17. c3 Qb6 18. b4 Qc7 19. Rc1 Rbe8 20. Bf4 b6 21. bxc5
bxc5 0-1

[Event "AUTO-INT-1474"]
[Site "http://www.queenalice.com/game.php?id=664387"]
[Date "2009.10.8"]
[Round "1"]
[White "jorden"]
[Black "bferrari2310"]
[Result "0-1"]
[WhiteElo "1378"]
[BlackElo "1709"]

1. e4 c5 2. Nf3 d6 3. d4 cxd4 4. Nxd4 Nf6 5. Nc3 g6 6. Be3 Bg7 7. Be2 O-O 8. O-O
Nc6 9. f4 Ng4 10. Bxg4 Bxg4 11. Qxg4 Nxd4 12. Rac1 Ne6 13. f5 Nc5 14. fxg6 hxg6
15. Rcd1 Qd7 16. Qxd7 Nxd7 17. Nd5 e6 18. Ne7+ Kh8 19. Rxd6 Ne5 20. Bd4 Rad8 0-1

[Event "AUTO-INT-1474"]
[Site "http://www.queenalice.com/game.php?id=664388"]
[Date "2009.10.8"]
[Round "1"]
[White "bferrari2310"]
[Black "jorden"]
[Result "1-0"]
[WhiteElo "1712"]
[BlackElo "1375"]

1. c4 c5 2. Nc3 Nc6 3. Nf3 g6 4. g3 Bg7 5. Bg2 e6 6. O-O a6 7. d3 Nge7 8. Qd2
O-O 9. b3 Nb4 10. Ba3 Nec6 11. Rad1 a5 12. Ne4 d5 13. cxd5 Qxd5 14. Bb2 f6 15.
Nc3 Qd7 16. Ne4 b6 17. d4 cxd4 18. Nxd4 Nxa2 19. Ba3 Nxd4 20. Bxf8 1-0